Estatísticas para Panamá

Clique aqui para jogar o quiz

Estatísticas Gerais

  • Esse quiz foi jogado 15 vezes
  • A pontuação média é 7 de 12

Estatísticas das Respostas

HintResposta% Correto
De que país é independente?Espanha
100%
Qual é o seu idioma?Espanhol
100%
Onde fica?América Central
90%
Como se chama o principal canal do país?Canal do Panamá
90%
Qual é a sua capital?Cidade do Panamá
90%
Qual é a sua religião?Cristianismo
80%
Qual é o seu código ISO?PAN
80%
Qual é o seu desporto nacional?Beisebol
30%
Qual é a sua moeda?Dólar
30%
Qual é a sua ave nacional?Hárpia
0%
Como se chama o seu traje típico?Pollera
0%
Qual é o seu ponto mais alto?Serra de Tabasará
0%

Distribuição das Pontuações

Percentil de Números Respondidos

Porcentagem de Pessoas com Cada Pontuação

Sua Pontuação Histórica

Você não jogou esse quiz